Central Library OPAC University of Rajshahi

Structure and sentiment : (Record no. 11666)

MARC details
000 -LEADER
fixed length control field 00832cam a22002531 4500
001 - CONTROL NUMBER
control field 11666
003 - CONTROL NUMBER IDENTIFIER
rucl marc code BD-RjUL
005 - DATE AND TIME OF LATEST TRANSACTION
control field 20211208235149.0
008 - FIXED-LENGTH DATA ELEMENTS--GENERAL INFORMATION
fixed length control field 140127s1962 ilua b 001 0 eng d
035 ## - SYSTEM CONTROL NUMBER
System control number (BD-RjUL)11715
System control number (OCoLC)291255
040 ## - CATALOGING SOURCE
Original cataloging agency DLC
Transcribing agency OYU
Modifying agency OCoLC
-- Uk
-- DLC
-- BD-RjUL
Language of cataloging eng
041 ## - LANGUAGE CODE
Language code of text/sound track or separate title eng
082 04 - DEWEY DECIMAL CLASSIFICATION NUMBER
Classification number 306.83
Author mark and year NES 1962
100 1# - MAIN ENTRY--PERSONAL NAME
Personal name Needham, Rodney.
9 (RLIN) 36083
245 10 - TITLE STATEMENT
Title Structure and sentiment :
Remainder of title a test case in social anthropology /
Statement of responsibility, etc. by Rodney Needham.
260 ## - PUBLICATION, DISTRIBUTION, ETC. (IMPRINT)
Place of publication, distribution, etc. Chicago :
Name of publisher, distributor, etc. University of Chicago Press,
Date of publication, distribution, etc. 1962.
300 ## - PHYSICAL DESCRIPTION
Pagination viii, 134 p. :
Illustrations ill.;
Size 23 cm.
504 ## - BIBLIOGRAPHY, ETC. NOTE
Bibliography, etc Includes bibliography and index.
600 ## - SUBJECT ADDED ENTRY--PERSONAL NAME
Personal name Homans, George Caspar,
Dates associated with a name 1910-1989.
General subdivision Marriage, authority, and final causes.
650 #0 - SUBJECT ADDED ENTRY--TOPICAL TERM
Topical term or geographic name as entry element Consanguinity.
9 (RLIN) 36084
942 ## - ADDED ENTRY ELEMENTS (KOHA)
Source of classification or shelving scheme Dewey Decimal Classification
Koha item type Books
Holdings
Lost status Source of classification or shelving scheme Damaged status Not for loan Collection code Permanent Location Current Location Shelving location Date acquired Source of acquisition Cost, normal purchase price Total Checkouts Full call number Date last seen Copy number Koha item type
  Dewey Decimal Classification     Non-fiction Central Library, University of Rajshahi Central Library, University of Rajshahi   03/11/1966 Green Book House. 19.50   306.83 NES 1962 27/01/2014 C-2 Books
  Dewey Decimal Classification   Not For Loan Non-fiction Central Library, University of Rajshahi Central Library, University of Rajshahi Reading Room 03/11/1966 Green books House 19.50   306.83 NES 1962 01/03/2017 C-1 Books